000 00586cam a22002053a 4500
001 40161
003 PGUSA
005 20140828083908.0
008 120708s2012||||xxu|||||s|||||000 | eng d
040 _aPGUSA
_beng
042 _adc
100 1 _aJeaffreson, John Cordy,
_d1831-1901
245 1 2 _aA Book about Doctors
_h[electronic resource] /
_cJohn Cordy Jeaffreson
260 _bProject Gutenberg,
_c2012
506 _aPublic domain in the USA.
516 _aElectronic text
830 0 _aProject Gutenberg
_v40161
856 4 0 _uhttp://www.gutenberg.org/ebooks/40161
942 _cEB
999 _c269414
_d269414